[Event "Ch Yugoslavia (team) (2 liga)"]
[Site "masterchessopen.com – Vrnjacka Banja (Serbia)"]
[Round "2"]
[White "Nikolic Dragoslav (SRB)"]
[Black "Mirkovic Slobodan (SRB)"]
[Result "0-1"]
[WhiteElo "2287"]
[BlackElo "2365"]

1.Nf3 Nf6 2.d4 d5 3.c4 dxc4 4.Qa4+ c6 5.Qxc4 Bf5 6.Nc3 e6 7.g3 Be7 8.Bg2 O-O
9.O-O Nbd7 10.Rd1 Bc2 11.a4 Nb6 12.Qa2 Bxd1 13.Nxd1 Nbd5 14.a5 c5 15.dxc5 Bxc5
16.Ne5 Rc8 17.Qb3 Nb4 18.Bxb7 Nc2 19.Nc3 Nxa1 20.Qa4 Qd7 {#R} 0-1

[Event "It (open)"]
[Site "masterchessopen.com – Yerevan (Armenia)"]
[Round "5"]
[White "Crouch Colin S (ENG)"]
[Black "Pogosian Tigran (ARM)"]
[Result "0-1"]
[WhiteElo "2375"]
[BlackElo "2252"]

1.d4 d5 2.c4 dxc4 3.Nf3 Nf6 4.Qa4+ Nbd7 5.Nc3 e6 6.e4 Be7 7.Bxc4 O-O 8.Qc2 Nb6
9.Be2 h6 10.O-O Bd7 11.Be3 Qc8 12.Rac1 Rd8 13.Ne5 Be8 14.Nb5 c6 15.Na3 Qc7
16.f4 Rac8 17.f5 exf5 18.Rxf5 Nbd7 19.Nec4 Nf8 20.Rcf1 Ne6 21.Rd1 b5 22.Ne5
Qb6 23.Nf3 g6 24.Rf4 Nxf4 25.Bxf4 c5 26.d5 c4+ 27.Nd4 c3 28.Bf3 b4 29.Nb1 cxb2
30.Qxb2 Ba4 31.Rd2 Bc2 32.Be3 Bxe4 {#R} 0-1

[Event "It (open)"]
[Site "masterchessopen.com – Ljubljana (Slovenia)"]
[Round "2"]
[White "Sebenik Matej (SLO)"]
[Black "Barle Janez (SLO)"]
[Result "1-0"]
[WhiteElo "2115"]
[BlackElo "2445"]

1.d4 Nf6 2.Nf3 d5 3.c4 dxc4 4.Qa4+ Nc6 5.Nc3 e6 6.Qxc4 Nb4 7.Qb3 c5 8.Bg5 cxd4
9.Rd1 Qa5 10.Bxf6 gxf6 11.Nxd4 a6 12.g3 e5 13.a3 exd4 14.axb4 Bxb4 15.Rxd4 Bc5
16.Re4+ Kf8 17.Bg2 Be6 18.Qxb7 Ra7 19.Ra4 Bxf2+ 20.Kf1 Qd8 21.Qb4+ Kg7 22.Kxf2
a5 23.Qc5 {#r} 1-0

[Event "It (open) \"]
[Site "masterchessopen.com – Mariehamn (Sweden)"]
[Round "1"]
[White "Tetenkina Irina (SWE)"]
[Black "Olafsson Helgi (ISL)"]
[Result "0-1"]
[WhiteElo "2105"]
[BlackElo "2270"]

1.Nf3 d5 2.d4 Nf6 3.c4 dxc4 4.Qa4+ c6 5.Qxc4 Bg4 6.Nbd2 Nbd7 7.g3 e6 8.Bg2 Be7
9.O-O O-O 10.b4 Nb6 11.Qb3 Qd5 12.a3 Bxf3 13.Qxf3 Qxd4 14.Nb3 Qd7 15.Bf4 Rfd8
16.Nc5 Qc8 17.Rac1 Nfd5 18.Be5 Nd7 19.Nxd7 Rxd7 20.Qg4 Qf8 21.h4 a5 22.h5 h6
23.e4 Nf6 24.Bxf6 Bxf6 25.Rb1 axb4 26.axb4 Ra2 27.e5 Bxe5 28.Rfd1 Rdd2 29.Rxd2
Rxd2 30.b5 Qc5 31.Qf3 Rxf2 {#R} 0-1

[Event "It (open) \"]
[Site "masterchessopen.com – St. Petersburg (Russia)"]
[Round "3"]
[White "Stotika Valentin (RUS)"]
[Black "Anjuhin Alex (RUS)"]
[Result "1-0"]
[WhiteElo "2330"]
[BlackElo "2335"]

1.d4 d5 2.Nf3 Nf6 3.c4 dxc4 4.Qa4+ Nc6 5.Qxc4 Nd5 6.e4 Nb6 7.Qd3 e6 8.a3 Be7
9.Nc3 O-O 10.b4 f5 11.Be2 Bd7 12.O-O Be8 13.exf5 Rxf5 14.Qe3 Bf7 15.Bb2 Bd6
16.g3 e5 17.Bd3 Nc4 18.Qe2 Rxf3 19.Qxf3 Nxb2 20.Bxh7+ Kxh7 21.Qxf7 Qe8 22.Qb3
Nd3 23.Ne4 Nf4 24.gxf4 Qh5 25.Ng5+ Kh6 26.Qe6+ g6 27.dxe5 Nxe5 28.f3 Nd3
29.Nf7+ {#r} 1-0

[Event "It (active)"]
[Site "masterchessopen.com – Taastrup (Denmark)"]
[Round "4"]
[White "Auchenberg Per (DEN)"]
[Black "Hansen Lars Bo (DEN)"]
[Result "0-1"]
[WhiteElo "2115"]
[BlackElo "2570"]

1.d4 d5 2.c4 dxc4 3.Nf3 Nf6 4.Qa4+ Nbd7 5.Nc3 a6 6.Qxc4 b5 7.Qb3 e6 8.Bg5 Bb7
9.Rd1 c5 10.e3 Qa5 11.Bxf6 gxf6 12.a3 Rc8 13.dxc5 Nxc5 14.Qc2 Ne4 15.Qd3 Bd5
{#R} 0-1

[Event "It (a)"]
[Site "masterchessopen.com – Bucharest (Romania)"]
[Round "0"]
[White "Benkovic Petar (SRB)"]
[Black "Marjanovic Slavoljub (SRB)"]
[Result "0-1"]
[WhiteElo "2310"]
[BlackElo "2460"]

1.Nf3 d5 2.d4 Nf6 3.c4 dxc4 4.Qa4+ Nc6 5.Nc3 Nd5 6.Qxc4 Ndb4 7.Qb3 Nxd4 8.Nxd4
Qxd4 9.Nb5 Qc5 10.Nxc7+ Qxc7 11.Qxb4 e5 12.Qc3 Qxc3+ 13.bxc3 Bc5 14.e4 Be6
15.Bb5+ Ke7 16.Ke2 Rhd8 17.f3 a6 18.Bd3 Rac8 19.a4 Rd7 20.Rd1 Bb3 21.Rd2 Rcd8
22.Bb1 Rxd2+ 23.Bxd2 Bc4+ 24.Ke1 Bf2+ 25.Kxf2 Rxd2+ {#R} 0-1

[Event "It (open)"]
[Site "masterchessopen.com – Dortmund (Germany)"]
[Round "4"]
[White "Richter Michael (GER)"]
[Black "Berov Arkady (UKR)"]
[Result "1-0"]
[WhiteElo "2325"]
[BlackElo "2490"]

1.d4 d5 2.Nf3 Nf6 3.c4 dxc4 4.Qa4+ c6 5.Qxc4 Bf5 6.g3 h6 7.Bg2 Qc8 8.O-O Be6
9.Qd3 Bf5 10.Qd1 Nbd7 11.Nc3 e6 12.Nh4 Bh7 13.f4 Nb6 14.e4 Bb4 15.f5 Qd7
16.fxe6 Qxe6 17.d5 Qd7 18.Bxh6 Bf8 19.Qe2 gxh6 20.Rxf6 Bg7 21.Rff1 O-O 22.dxc6
Qxc6 23.Nf5 Bxf5 24.exf5 Qf6 25.Kh1 Rfd8 26.Qf3 Kh8 27.Ne4 Qxb2 28.f6 Bf8
29.Ng5 Rd7 30.Qf5 hxg5 31.Be4 {#r} 1-0

[Event "Oberliga North 1998/99"]
[Site "masterchessopen.com – Germany"]
[Round "0"]
[White "Dankert Peter (GER)"]
[Black "Levin Felix (GER)"]
[Result "0-1"]
[WhiteElo "2275"]
[BlackElo "2480"]

1.d4 d5 2.Nf3 Nf6 3.c4 dxc4 4.Qa4+ Nc6 5.Qxc4 Nd7 6.Nc3 Nb6 7.Qd3 e5 8.Nxe5
Nb4 9.Qd1 Qxd4 10.Qxd4 Nc2+ 11.Kd1 Nxd4 12.e3 Ne6 13.Nc4 Be7 14.Nxb6 axb6
15.Be2 O-O 16.Kc2 c6 17.Rd1 Nc5 18.f3 b5 19.Nb1 Be6 20.Nd2 Bg5 21.Ne4 Nxe4
22.fxe4 {#R} 0-1

[Event "It (a)"]
[Site "masterchessopen.com – Hampstead (England)"]
[Round "3"]
[White "Crouch Colin S (ENG)"]
[Black "Duncan Christopher R (ENG)"]
[Result "0-1"]
[WhiteElo "2410"]
[BlackElo "2265"]

1.d4 d5 2.c4 dxc4 3.Nf3 Nf6 4.Qa4+ Nc6 5.Nc3 Nd5 6.e4 Nb6 7.Qd1 Bg4 8.d5 Ne5
9.Qd4 Nxf3+ 10.gxf3 Bxf3 11.Rg1 Qd6 12.Qe3 Bh5 13.f4 e6 14.Rg5 g6 15.Qd4 Rg8
16.Bxc4 h6 17.Re5 O-O-O 18.Be3 Bg7 19.Bb3 exd5 20.exd5 Rge8 21.Ne4 Qd7 22.a4
Qf5 {#R} 0-1

[Event "It (open)"]
[Site "masterchessopen.com – Kilkenny (Ireland)"]
[Round "4"]
[White "Bellin Jana (ENG)"]
[Black "Largevsky Joanna (RUS)"]
[Result "1-0"]
[WhiteElo "2170"]
[BlackElo "2046"]

1.d4 d5 2.c4 dxc4 3.Nf3 Nf6 4.Qa4+ Nbd7 5.g3 c6 6.Qxc4 Nb6 7.Qc2 Bg4 8.Nbd2 g6
9.Bg2 Bg7 10.h3 Bxf3 11.Nxf3 Nfd5 12.Bd2 O-O 13.O-O Rc8 14.Rfd1 Nd7 15.e4 N5f6
16.Be3 Qa5 17.Nd2 Rfd8 18.Nb3 Qc7 19.Rac1 Ne8 20.Qe2 a5 21.d5 a4 22.dxc6 bxc6
23.Nd4 c5 24.Nb5 Qe5 25.Na7 Qxb2 26.Qxb2 Bxb2 27.Nxc8 Bxc1 28.Bxc1 Rxc8
29.Rxd7 {#r} 1-0

[Event "It (cat.2)"]
[Site "masterchessopen.com – Budapest (Hungary)"]
[Round "3"]
[White "Eperjesi Laszlo Dr (HUN)"]
[Black "Spielmann Alain (FRA)"]
[Result "1-0"]
[WhiteElo "2381"]
[BlackElo "2241"]

1.d4 d5 2.Nf3 Nf6 3.c4 dxc4 4.Qa4+ c6 5.Qxc4 Bf5 6.g3 e6 7.Bg2 Nbd7 8.O-O h6
9.Nc3 Be7 10.e3 O-O 11.Qe2 Ne4 12.Nd2 Nxd2 13.Bxd2 e5 14.d5 cxd5 15.Nxd5 Nb6
16.Ba5 Be6 17.Rfd1 Bxd5 18.Bxd5 Qe8 19.Bxb7 Rb8 20.Qa6 Na4 21.b4 Nc3 22.Rd3
Qb5 23.Qxb5 Nxb5 24.Ba6 e4 25.Rd7 Bf6 26.Rc1 Nc3 27.Rc2 {#r} 1-0

[Event "Ch Provincial (1/2 final)"]
[Site "masterchessopen.com – Cuba"]
[Round "0"]
[White "Li Manuel (CUB)"]
[Black "Hernandez Pedro (CUB)"]
[Result "0-1"]
[WhiteElo "2308"]
[BlackElo "2182"]

1.d4 d5 2.Nf3 Nf6 3.c4 dxc4 4.Qa4+ Nbd7 5.Qxc4 e6 6.Nc3 c5 7.e4 a6 8.dxc5 Bxc5
9.e5 Nd5 10.Ne4 b5 11.Qc2 Be7 12.a4 Bb7 13.axb5 Nb4 14.Qb1 Rc8 15.Nc3 Nc5
16.bxa6 Ncd3+ 17.Bxd3 Nxd3+ 18.Ke2 Bxf3+ 19.gxf3 Nxe5 20.Qe4 Nc6 21.Be3 O-O
22.Na4 Qa5 23.a7 Qb5+ 24.Qd3 Nd4+ {#R} 0-1

[Event "It (open)"]
[Site "masterchessopen.com – Jamsa (Finland)"]
[Round "4"]
[White "Karttunen Mika (FIN)"]
[Black "Vehkalahti Veli (FIN)"]
[Result "1-0"]
[WhiteElo "2284"]
[BlackElo "2004"]

1.d4 d5 2.c4 dxc4 3.Nf3 Nf6 4.Qa4+ c6 5.Qxc4 Bf5 6.g3 Nbd7 7.Bg2 Nb6 8.Qb3 e6
9.Nc3 Bd6 10.O-O O-O 11.Re1 Ne4 12.Nh4 Nxc3 13.bxc3 Bg4 14.h3 Bh5 15.e4 Qc7
16.f4 g5 17.e5 gxh4 18.exd6 Qxd6 19.Ba3 Qd7 20.Bxf8 Rxf8 21.g4 Bg6 22.Re5 Re8
23.Rae1 Rc8 24.f5 exf5 25.gxf5 Bxf5 26.Re7 Be6 27.R1xe6 {#r} 1-0

[Event "Ch Czech Republic (w)"]
[Site "masterchessopen.com – Klatovy (Czech Republic)"]
[Round "3"]
[White "Saljova Silvie (CZE)"]
[Black "Jackova Jana (CZE)"]
[Result "0-1"]
[WhiteElo "2180"]
[BlackElo "2233"]

1.d4 d5 2.Nf3 Nf6 3.c4 dxc4 4.Qa4+ Nc6 5.Qxc4 Be6 6.Qa4 Bd5 7.e3 Bxf3 8.gxf3
Qd5 9.Be2 O-O-O 10.Nc3 Qg5 11.Bd2 e5 12.h4 Qg2 13.O-O-O exd4 14.Nb5 Bc5 15.Qc4
Bb6 16.exd4 a6 17.Nc3 Nxd4 18.Rdg1 Qxf2 19.Rxg7 Nxe2+ 20.Qxe2 Qd4 21.Rxf7 Rhe8
22.Qh2 Nd5 23.Qh3+ Kb8 24.Rd7 Qc5 25.Kb1 Nb4 26.Rc1 Nd3 27.Rxd8+ Rxd8 28.Ne4
Qb5 29.Rc2 Rg8 30.Bg5 Nb4 31.Qe6 Rc8 32.Qc4 {#R} 0-1

[Event "It (open)"]
[Site "masterchessopen.com – Villa Martelli (Argentina)"]
[Round "2"]
[White "Hoffman Alejandro (ARG)"]
[Black "Benedetto Abel (ARG)"]
[Result "1-0"]
[WhiteElo "2524"]
[BlackElo "2190"]

1.d4 d5 2.c4 dxc4 3.Nf3 Nf6 4.Qa4+ c6 5.Qxc4 Bf5 6.g3 e6 7.Bg2 Be7 8.O-O Nbd7
9.Bg5 O-O 10.Nc3 h6 11.Bxf6 Bxf6 12.Rfd1 Rc8 13.Rd2 Qc7 14.Rad1 Rfd8 15.h3 Bg6
16.e4 Nb6 17.Qe2 Rd7 18.b3 Rcd8 19.Qe3 a6 20.Ne2 e5 21.dxe5 Bxe5 22.Nxe5 Qxe5
23.Nf4 Bh7 24.Qxb6 {#r} 1-0

[Event "It (open)"]
[Site "masterchessopen.com – Augsburg (Germany)"]
[Round "4"]
[White "Ivanov Mikhail M (RUS)"]
[Black "Markl Martin (GER)"]
[Result "1-0"]
[WhiteElo "2510"]
[BlackElo "2172"]

1.d4 d5 2.c4 dxc4 3.Nf3 Nf6 4.Qa4+ Nbd7 5.Nc3 e6 6.e4 c6 7.Qxc4 Be7 8.Be2 O-O
9.O-O Nb6 10.Qb3 Qc7 11.Bg5 Ng4 12.Bxe7 Qxe7 13.h3 Nf6 14.Rac1 Bd7 15.Rfd1
Rfd8 16.Bd3 e5 17.dxe5 Nh5 18.Ne2 Be6 19.Qc3 g5 20.Ned4 g4 21.hxg4 Bxg4 22.Nf5
Bxf5 23.exf5 Nd5 24.f6 Qf8 25.Qc2 Qh6 26.Bc4 Nhf4 27.Qf5 Nxg2 28.Qg4+ Kh8 {#r}
1-0

[Event "It (open)"]
[Site "masterchessopen.com – Biel (Switzerland)"]
[Round "5"]
[White "Kleinhenz Hans-Georg (GER)"]
[Black "Paust Wolf-Dieter (GER)"]
[Result "0-1"]
[WhiteElo "2041"]
[BlackElo "2124"]

1.d4 d5 2.c4 dxc4 3.Nf3 Nf6 4.Qa4+ Qd7 5.Qxc4 Nc6 6.Nc3 e6 7.g3 Nd5 8.Nxd5
exd5 9.Qb3 Bb4+ 10.Bd2 Bxd2+ 11.Kxd2 O-O 12.Bg2 Na5 13.Qc3 Nc4+ 14.Kc1 Qe7
15.Ne5 Nxe5 16.dxe5 Rd8 17.Rd1 Be6 18.f4 c5 19.Kd2 d4 20.Qa3 Bd5 21.Bf3 b5
22.Ke1 b4 23.Qd3 c4 24.Qf5 Bxf3 25.exf3 Qc5 26.Qe4 d3 27.Kf1 Qd4 {#R} 0-1

[Event "It (open)"]
[Site "masterchessopen.com – Cali (Colombia)"]
[Round "7"]
[White "Araque Rafael (COL)"]
[Black "Higuita Elias (COL)"]
[Result "0-1"]
[WhiteElo "2327"]
[BlackElo "2204"]

1.d4 d5 2.Nf3 Nf6 3.c4 dxc4 4.Qa4+ Qd7 5.Qxc4 Qc6 6.Qb3 Qxc1+ 7.Qd1 Qxd1+
8.Kxd1 Ne4 9.Ke1 e6 10.a3 b6 11.Ne5 Nd7 12.Nc6 Bb7 13.Nb4 c5 14.dxc5 Bxc5
15.Nd3 Bd4 16.e3 Bf6 17.Nd2 Rc8 18.f3 Nec5 19.Nc4 Ke7 20.Rd1 Nxd3+ 21.Bxd3 Ne5
22.Nxe5 {#R} 0-1

[Event "Ch England (team) 2000/01 (2 div)"]
[Site "masterchessopen.com – England"]
[Round "4"]
[White "Sherwin James T (USA)"]
[Black "Yastrebov Aleksandr (RUS)"]
[Result "1-0"]
[WhiteElo "2357"]
[BlackElo "2335"]

1.d4 d5 2.c4 dxc4 3.Nf3 Nf6 4.Qa4+ c6 5.Qxc4 Bf5 6.Nc3 Nbd7 7.g3 e6 8.Bg2 Rc8
9.O-O c5 10.d5 exd5 11.Nxd5 Be6 12.Nxf6+ Nxf6 13.Qa4+ Bd7 14.Qb3 Qb6 15.Ne5
Qe6 16.Nxd7 Nxd7 17.Bd5 Qg6 18.Qxb7 Nb6 19.Bf4 Be7 20.Rad1 Bd8 21.Be4 Qe6
22.Rd6 {#r} 1-0

[Event "It (open)"]
[Site "masterchessopen.com – Lippstadt (Germany)"]
[Round "0"]
[White "Kopylov Mihail (UKR)"]
[Black "Kalla Christian (GER)"]
[Result "1-0"]
[WhiteElo "2431"]
[BlackElo "1961"]

1.d4 d5 2.Nf3 Nf6 3.c4 dxc4 4.Qa4+ Bd7 5.Qxc4 e6 6.Nc3 Nc6 7.e4 Nb4 8.Qb3 c5
9.e5 Nfd5 10.dxc5 Bxc5 11.Ne4 Rc8 12.a3 Qa5 13.Bd2 Nc2+ 14.Qxc2 Qb6 15.Bc4 O-O
16.O-O Bb5 17.b3 Rfd8 18.Neg5 g6 19.Qe4 Be7 20.Qh4 h5 21.Rfc1 Bc6 22.Bxd5 Bxd5
23.Qf4 Bxg5 24.Nxg5 Rc7 25.Be3 {#r} 1-0

[Event "It (open)"]
[Site "masterchessopen.com – Nice (France)"]
[Round "7"]
[White "Loncar Robert (CRO)"]
[Black "Lefhaili David"]
[Result "1-0"]
[WhiteElo "2415"]
[BlackElo "1970"]

1.d4 d5 2.Nf3 Nf6 3.c4 dxc4 4.Qa4+ Bd7 5.Qxc4 Bc6 6.Nc3 e6 7.Bg5 Be7 8.Ne5 O-O
9.Rd1 Bd5 10.Qd3 b6 11.e4 Bb7 12.Qc2 c6 13.Be2 Nbd7 14.Nf3 Rc8 15.O-O a6
16.Bd3 h6 17.Bf4 Kh8 18.Qe2 b5 19.Bb1 Rg8 20.Qd3 Nf8 21.Ne5 Qe8 22.Qh3 N8h7
23.Be3 Bf8 24.f4 Rc7 25.a3 Bc8 26.g4 g5 27.fxg5 Rxg5 28.Rxf6 {#r} 1-0

[Event "Ch American Continent"]
[Site "masterchessopen.com – Cali (Colombia)"]
[Round "9"]
[White "Mera Cedeno Angel (ECU)"]
[Black "Vasquez Ramirez Rocio (ECU)"]
[Result "0-1"]
[WhiteElo "2341"]
[BlackElo "2252"]

1.d4 d5 2.Nf3 Nf6 3.c4 dxc4 4.Qa4+ c6 5.Qxc4 Nbd7 6.Nc3 Nb6 7.Qb3 Bg4 8.Ne5
Be6 9.Qd1 Nc4 10.Nxc4 Bxc4 11.g3 Qd7 12.Be3 Nd5 13.Bd2 g6 14.Bg2 Bg7 15.b3
Bxd4 16.bxc4 Nxc3 17.Qc1 Qf5 18.f3 Ne4 19.g4 Qf6 20.g5 Qf5 21.Rb1 Nxd2 22.Kxd2
Qxg5+ {#R} 0-1

[Event "It (cat.4)"]
[Site "masterchessopen.com – Donskoj (Russia)"]
[Round "2"]
[White "Bairachny Ruslan (UKR)"]
[Black "Sosulin Eduard (RUS)"]
[Result "1-0"]
[WhiteElo "2421"]
[BlackElo "2307"]

1.d4 d5 2.c4 dxc4 3.Nf3 Nf6 4.Qa4+ Nbd7 5.Nc3 a6 6.e4 Rb8 7.Bxc4 e6 8.Qc2 b5
9.Bb3 Bb7 10.e5 Bxf3 11.gxf3 Nh5 12.Ne4 Bb4+ 13.Ke2 O-O 14.Rg1 Kh8 15.Rg5 g6
16.Rxh5 gxh5 17.Ng5 f5 18.Nxe6 Qe7 19.Bg5 Qe8 20.Nxf8 Bxf8 21.Qxf5 c5 22.Bf7
Qc8 23.Be6 {#r} 1-0

[Event "Match \"]
[Site "masterchessopen.com – Istanbul (Turkey)"]
[Round "8"]
[White "Laciner Kerem (TUR)"]
[Black "Popchev Milko (BUL)"]
[Result "0-1"]
[WhiteElo "2204"]
[BlackElo "2453"]

1.d4 d5 2.c4 dxc4 3.Nf3 Nf6 4.Qa4+ c6 5.Qxc4 Bf5 6.g3 e6 7.Bg2 Nbd7 8.O-O Be7
9.Nc3 O-O 10.e3 Ne4 11.Qe2 Nxc3 12.bxc3 Be4 13.Rd1 Qa5 14.c4 Qa4 15.Bf1 Bf6
16.Bb2 Rfd8 17.Ne1 e5 18.Bh3 exd4 19.Bxd7 Rxd7 20.Qg4 Re7 21.Bxd4 Bxd4 22.Rxd4
Rae8 23.Rad1 c5 24.Rd7 f5 {#R} 0-1

[Event "Cup Mediteran (w)"]
[Site "masterchessopen.com – Rijeka (Croatia)"]
[Round "8"]
[White "Trtanj Tina (CRO)"]
[Black "Krivec Jana (SLO)"]
[Result "0-1"]
[WhiteElo "2158"]
[BlackElo "2246"]

1.d4 d5 2.Nf3 Nf6 3.c4 dxc4 4.Qa4+ c6 5.Qxc4 Bf5 6.Nc3 e6 7.g3 b5 8.Qb3 b4
9.Na4 Be4 10.Bg2 Bd5 11.Qc2 Nbd7 12.O-O Rc8 13.Bg5 c5 14.dxc5 Nxc5 15.Rac1 b3
16.Qc3 bxa2 17.Bxf6 gxf6 18.b4 Nxa4 19.Qxc8 Qxc8 20.Rxc8+ Kd7 21.Rcc1 Bxb4
22.e4 Nc3 23.exd5 Ne2+ 24.Kh1 Nxc1 25.Rxc1 Bc3 26.dxe6+ fxe6 27.Rd1+ Ke7 {#R}
0-1

[Event "It (cat.7)"]
[Site "masterchessopen.com – Roznov (Czech Republic)"]
[Round "10"]
[White "Simacek Pavel (CZE)"]
[Black "Cernousek Lukas (CZE)"]
[Result "1-0"]
[WhiteElo "2420"]
[BlackElo "2310"]

1.d4 Nf6 2.Nf3 d5 3.c4 dxc4 4.Qa4+ Nbd7 5.e3 a6 6.Bxc4 e6 7.O-O Be7 8.b4 O-O
9.Qb3 b6 10.Rd1 Bb7 11.Ne5 Bd6 12.Bb2 Qe7 13.b5 axb5 14.Bxb5 c5 15.Nd2 Bd5
16.Ndc4 Rfd8 17.Qd3 Bxe5 18.dxe5 Ng4 19.h3 Bxc4 20.Qxc4 Ngxe5 21.Qe4 f5 22.Qb7
Kf7 23.f4 Rab8 24.Qc7 Rbc8 25.Qb7 Rb8 26.Qc7 Rbc8 27.Qd6 Ng6 28.Bxd7 {#r} 1-0

[Event "Ch Sweden"]
[Site "masterchessopen.com – Skara (Sweden)"]
[Round "6"]
[White "Ahlander Bjorn (SWE)"]
[Black "Brynell Stellan (SWE)"]
[Result "0-1"]
[WhiteElo "2389"]
[BlackElo "2534"]

1.d4 d5 2.Nf3 Nf6 3.c4 dxc4 4.Qa4+ Nc6 5.Qxc4 e5 6.dxe5 Be6 7.Qa4 Nd7 8.Nc3
Nc5 9.Qd1 Qxd1+ 10.Kxd1 O-O-O+ 11.Bd2 g6 12.g3 Bh6 13.Ke1 Bxd2+ 14.Nxd2 Nxe5
15.Bg2 Rhe8 16.Nde4 Nxe4 17.Bxe4 f5 18.Bc2 Nc4 19.b3 Na3 20.Rc1 Rd6 21.h4 Bd5
22.Nxd5 Rxd5 23.Bd1 Red8 24.h5 Rxd1+ {#R} 0-1

[Event "It (open) \"]
[Site "masterchessopen.com – Copenhagen (Denmark)"]
[Round "4"]
[White "Lund Esben (DEN)"]
[Black "Andersen Rune Egede (DEN)"]
[Result "1-0"]
[WhiteElo "2307"]
[BlackElo "2092"]

1.d4 d5 2.c4 dxc4 3.Nf3 Nf6 4.Qa4+ Nbd7 5.Nc3 c6 6.Qxc4 Qa5 7.Bd2 Qf5 8.Ng5
Qg6 9.Nf3 Nb6 10.Qb3 Be6 11.Qd1 Nbd5 12.Ne5 Qf5 13.f3 Qh5 14.h4 g5 15.Bxg5 Rg8
16.Nxd5 cxd5 17.g4 Nxg4 18.fxg4 Bxg4 19.Qa4+ Kd8 20.Qa5+ Ke8 21.Qb5+ Kd8
22.Qxd5+ Ke8 23.Qb5+ Kd8 24.Qa5+ Ke8 25.e3 Bh6 26.Qb5+ Kd8 27.Qd5+ Ke8 28.Bb5+
Kf8 29.Bxh6+ Rg7 30.Bxg7+ Kxg7 31.Qxf7+ Qxf7 32.Nxf7 {#r} 1-0

[Event "It (open)"]
[Site "masterchessopen.com – Geraardsbergen (Belgium)"]
[Round "5"]
[White "Lavrenov Yuli (BEL)"]
[Black "Bosschem Tim (BEL)"]
[Result "0-1"]
[WhiteElo "2127"]
[BlackElo "2068"]

1.Nf3 d5 2.d4 Nf6 3.c4 dxc4 4.Qa4+ Nc6 5.Nc3 Nd5 6.Qxc4 Nb6 7.Qd3 e5 8.dxe5
Qxd3 9.exd3 Nb4 10.Kd2 Bf5 11.Nb5 O-O-O 12.Nbd4 Bg6 13.a3 c5 14.axb4 cxd4
15.Rxa7 Bxb4+ 16.Kc2 Rd5 17.Ra1 Kb8 18.Bf4 Rc8+ 19.Kd1 Bf5 20.e6+ Bd6 21.Bxd6+
Rxd6 22.exf7 Be6 23.Nd2 Bxf7 {#R} 0-1

[Event "Ch World (juniors) (under 16) (g)"]
[Site "masterchessopen.com – Halkidiki (Greece)"]
[Round "11"]
[White "Morales Mendoza Luciana (PER)"]
[Black "Hoang Thi Bao Tram (VIE)"]
[Result "0-1"]
[WhiteElo "2131"]
[BlackElo "2217"]

1.Nf3 Nf6 2.d4 d5 3.c4 dxc4 4.Qa4+ c6 5.Qxc4 Bf5 6.g3 e6 7.Bg2 Be7 8.O-O Nbd7
9.Qb3 Qb6 10.Nbd2 O-O 11.Qa4 Qc7 12.Nh4 Bg4 13.e4 e5 14.h3 Be2 15.Re1 Bb5
16.Qc2 exd4 17.Nf5 Bc5 18.a4 d3 19.Qc3 Qb6 20.axb5 Bxf2+ 21.Kf1 Bxe1 22.Kxe1
Qg1+ 23.Bf1 Rfe8 24.bxc6 bxc6 25.b4 Re5 26.Ra5 Nxe4 27.Qxc6 Qf2+ 28.Kd1 Nc3+
{#R} 0-1

[Event "Ch Bosnia & Herzegovina (team)"]
[Site "masterchessopen.com – Neum (Bosnia & Herzegovina)"]
[Round "7"]
[White "Hodzic Nihad (BIH)"]
[Black "Bistric Faruk (BIH)"]
[Result "0-1"]
[WhiteElo "2259"]
[BlackElo "2466"]

1.d4 d5 2.Nf3 Nf6 3.c4 dxc4 4.Qa4+ Nbd7 5.Nc3 e6 6.e4 c6 7.Qxc4 Be7 8.Be3 O-O
9.Be2 b5 10.Qd3 b4 11.Na4 Qa5 12.b3 c5 13.O-O Bb7 14.Nd2 Rfd8 15.Nc4 Qc7 16.e5
Nd5 17.Nxc5 Nxc5 18.dxc5 Nxe3 19.Qxe3 Bxc5 20.Qg3 Ba6 21.Rad1 Bd4 22.Rfe1 Bc3
23.Rf1 Bxe5 24.Nxe5 Bxe2 25.Rc1 Qd6 26.Rfe1 Rac8 27.Qe3 Rxc1 {#R} 0-1

[Event "It (open)"]
[Site "masterchessopen.com – Ploiesti (Romania)"]
[Round "2"]
[White "Doncea Vladimir (ROM)"]
[Black "Telea Stefan (ROM)"]
[Result "1-0"]
[WhiteElo "2352"]
[BlackElo "2155"]

1.d4 d5 2.c4 dxc4 3.Nf3 Nf6 4.Qa4+ c6 5.Qxc4 Bf5 6.e3 Nbd7 7.Be2 Nb6 8.Qb3 e6
9.Nc3 Be7 10.O-O Nfd5 11.Bd2 O-O 12.Rac1 a5 13.a4 Bb4 14.Nb1 Qe7 15.Bc3 Rfc8
16.Nbd2 Nf6 17.Ne5 Ne4 18.Ndc4 Nxc4 19.Nxc4 Rd8 20.f3 b5 21.Bxb4 Qxb4 22.Qxb4
axb4 23.fxe4 Bxe4 24.Nd2 Bg6 25.axb5 cxb5 26.Ra1 Bc2 27.Bxb5 Rxa1 28.Rxa1 h6
29.Bc6 e5 30.Ra8 Rxa8 31.Bxa8 exd4 32.exd4 Kf8 {#r} 1-0

[Event "Ch Hungary (team) 2002/03"]
[Site "masterchessopen.com – Hungary"]
[Date "2003.02.02"]
[Round "6"]
[White "Fogarasi Tibor (HUN)"]
[Black "Lengyel Bela (HUN)"]
[Result "1-0"]
[WhiteElo "2425"]
[BlackElo "2335"]

1.d4 Nf6 2.Nf3 d5 3.c4 dxc4 4.Qa4+ Nbd7 5.Nc3 e6 6.e4 Be7 7.Bxc4 O-O 8.Qc2 c5
9.dxc5 Bxc5 10.O-O a6 11.e5 Ng4 12.Qe4 Nxf2 13.Rxf2 Qb6 14.Nd1 Bxf2+ 15.Nxf2
Nc5 16.Qe2 Bd7 17.Be3 Qa5 18.a3 Ne4 19.b3 Nc3 20.Qd2 b5 21.Bf1 b4 22.Qxd7 Nd5
23.Bd2 Rfd8 24.Qa4 Qxa4 25.bxa4 b3 26.Rb1 Rdb8 27.Nd3 h6 28.Nb4 g5 29.Nxd5
exd5 30.a5 {#r} 1-0

[Event "Dos Hermanas Qualifier (17-A)"]
[Site "masterchessopen.com – Internet"]
[Date "2003.03.17"]
[Round "1"]
[White "Fridman Daniel (GER)"]
[Black "Vasiliev Olga (ISR)"]
[Result "1-0"]
[WhiteElo "2578"]
[BlackElo "2167"]

1.d4 d5 2.Nf3 Nf6 3.c4 dxc4 4.Qa4+ c6 5.Qxc4 e6 6.Qc2 Be7 7.g3 Nbd7 8.Bg2 c5
9.O-O O-O 10.Nc3 cxd4 11.Nxd4 Nb6 12.Rd1 Qc7 13.Ndb5 Qb8 14.Ne4 Nxe4 15.Bxe4
f5 16.Bg2 Bd7 17.Qb3 Kh8 18.Be3 Bc6 19.Qxe6 Bxb5 20.Qxe7 Bxe2 21.Bd4 Rg8
22.Qxe2 {#r} 1-0

[Event "Bundesliga (2nd) West 2003/04"]
[Site "masterchessopen.com – Germany"]
[Date "2003.11.02"]
[Round "2"]
[White "Loifenfeld Jakov (RUS)"]
[Black "Schmitz Andreas Arnold (GER)"]
[Result "1-0"]
[WhiteElo "2443"]
[BlackElo "2177"]

1.d4 d5 2.Nf3 Nf6 3.c4 dxc4 4.Qa4+ Qd7 5.Qxc4 Qc6 6.e3 Be6 7.Qxc6+ Nxc6 8.Bb5
Bd7 9.Nc3 a6 10.Bc4 Nb4 11.Ke2 e6 12.Bd2 Nbd5 13.Rhc1 Nxc3+ 14.Bxc3 Bb5 15.Ba5
Bxc4+ 16.Rxc4 c6 17.Rc3 Bd6 18.Rb3 Rb8 19.Ne5 Ke7 20.Bb6 Rbc8 21.Bc5 Rc7
22.Nxf7 Bxc5 23.Nxh8 Bd6 24.g4 g6 25.g5 Nh5 26.e4 Kf8 27.e5 Be7 28.Rf3+ Kg8
29.Nf7 Ng7 30.Nh6+ Kh8 31.Rf7 {#r} 1-0